Documento redactado por Don Felipe Antonio de Mata (Record no. 4699)

MARC details
000 -CABECERA
campo de control de longitud fija 01601nam a2200313 a 4500
001 - NÚMERO DE CONTROL
campo de control BRCA_5005
005 - FECHA Y HORA DE LA ÚLTIMA TRANSACCIÓN
campo de control 20190320204911.0
008 - DATOS DE LONGITUD FIJA--INFORMACIÓN GENERAL
campo de control de longitud fija 291010s1733----mx-######v---#000-0#spa-#
041 ## - CÓDIGO DE LENGUA
Código de lengua del texto/banda sonora o título independiente spa
044 ## - CÓDIGO DEL PAÍS DE LA ENTIDAD EDITORA/PRODUCTORA
Código MARC del país mx
084 ## - OTRO NÚMERO DE CLASIFICACIÓN
Número de clasificación DOC70
Número de documento/Ítem .M38
-- 1733
100 1# - ENTRADA PRINCIPAL--NOMBRE DE PERSONA
Nombre de persona Mata, Felipe Antonio de
9 (RLIN) 12763
245 10 - MENCIÓN DE TÍTULO
Título Documento redactado por Don Felipe Antonio de Mata
Mención de responsabilidad, etc. Felipe Antonio de Mata.
260 ## - PUBLICACIÓN, DISTRIBUCIÓN, ETC.
Lugar de publicación, distribución, etc. México
Fecha de publicación, distribución, etc. 1733
300 ## - DESCRIPCIÓN FÍSICA
Extensión [75] fojas
Dimensiones 31 x 21 cm.
500 ## - NOTA GENERAL
Nota general Documento que contiene varios asuntos sobre un mismo tema fechado entre 1732 y 1733.
500 ## - NOTA GENERAL
Nota general Cuenta y relación jurada que da Don Felipe Antonio de Mata, Tesorero Mayordomo de los propios y rentas de esta Nobilísima Ciudad (México) a los señores del Cabildo, Justicia y Regimiento de ella, de lo recaudado de dichos propios desde el primero de octubre de 1732 hasta fin de septiembre de 1733.
500 ## - NOTA GENERAL
Nota general Contiene sellos con el escudo de la casa de Borbón y lema: ´SELLO QUARTO. UN QUARTILLO. AÑOS DE MIL SETECIENTOS Y TREINTA Y UNO Y TREINTA Y DOS´.
500 ## - NOTA GENERAL
Nota general Contiene la leyenda DOC. #230.
500 ## - NOTA GENERAL
Nota general Papel con marca de agua.
500 ## - NOTA GENERAL
Nota general Estado de conservación: contienen margenes en mal estado y manchas de acidez causadas por la tinta.
506 0# - NOTA DE RESTRICCIONES AL ACCESO
Limitaciones de acceso Fondo Reservado. Para su consulta es necesario credencial de usuario y carta de motivos.
546 ## - NOTA DE LENGUA/LENGUAJE
Nota de lengua/lenguaje Texto en: español de principios del siglo XVIII.
600 14 - PUNTO DE ACCESO ADICIONAL DE MATERIA--NOMBRE DE PERSONA
Nombre de persona Mata, Felipe Antonio
Subdivisión general Historia
9 (RLIN) 12764
650 14 - PUNTO DE ACCESO ADICIONAL DE MATERIA--TÉRMINO DE MATERIA
Término de materia o nombre geográfico como elemento de entrada Documentos legales
9 (RLIN) 12765
651 #4 - PUNTO DE ACCESO ADICIONAL DE MATERIA--NOMBRE GEOGRÁFICO
Nombre geográfico México
Subdivisión general Historia
Subdivisión cronológica Colonia, 1521-1821
9 (RLIN) 12461
902 ## - CATALOGADOR
Iniciales FDH
942 ## - ELEMENTOS DE PUNTO DE ACCESO ADICIONAL (KOHA)
Fuente del sistema de clasificación o colocación Library of Congress Classification
Tipo de ítem Koha Documentos
Holdings
Estado de retiro Estado de pérdida Estado dañado No para préstamo Localización permanente Ubicación/localización actual Fecha de adquisición Total de préstamos Signatura topográfica completa Código de barras Fecha visto por última vez Precio válido a partir de Tipo de ítem Koha
El ejemplar forma parte de la colección y puede ser consultado según las políticas vigentes.       Biblioteca del Museo Franz Mayer (Rogerio Casas-Alatriste) Biblioteca del Museo Franz Mayer (Rogerio Casas-Alatriste) 29/10/2010   DOC70 .M38 1733 5089 22/03/2019 22/03/2019 Documentos